Completeness Quality for the 21st Century
Na minha lista:
| Autor principal: | |
|---|---|
| Formato: | Livro |
| Idioma: | inglês |
| Publicado em: |
New York
A Dutton Book
1992
|
| Edição: | 1. ed. |
| Assuntos: | |
| Tags: |
Sem tags, seja o primeiro a adicionar uma tag!
|
MARC
| LEADER | 00000nam a2200000 4500 | ||
|---|---|---|---|
| 001 | c019339 | ||
| 005 | 20221206083004.1 | ||
| 020 | |a 0-525-93475-8 | ||
| 041 | 0 | |a eng | |
| 044 | |a US | ||
| 245 | 1 | 0 | |a Completeness |b Quality for the 21st Century |c Philip B. Crosby |
| 250 | |a 1. ed. | ||
| 264 | 1 | |a New York |b A Dutton Book |c 1992 | |
| 300 | |a 251 s. | ||
| 610 | 2 | 0 | |a manažment |
| 610 | 2 | 0 | |a úspech pracovný |
| 610 | 2 | 0 | |a kvalita |
| 610 | 2 | 0 | |a obchod |
| 610 | 2 | 0 | |a vývoj |
| 610 | 2 | 0 | |a pokrok |
| 610 | 2 | 0 | |a zákazníci |
| 610 | 2 | 0 | |a dodávatelia |
| 610 | 2 | 0 | |a rast hospodársky dlhodobý |
| 610 | 2 | 0 | |a rast podniku |
| 610 | 2 | 0 | |a politika obchodná |
| 610 | 2 | 0 | |a situácia hospodárska |
| 610 | 2 | 0 | |a riadenie kvality |
| 100 | 1 | |a Crosby, Philip B. | |